| 000 | 00777nam a2200253 a 4500 | ||
|---|---|---|---|
| 001 | 17150 | ||
| 003 | BD-RjUL | ||
| 005 | 20211209000109.0 | ||
| 008 | 140216r20011996enk 000 1 eng d | ||
| 020 | _a014118485X | ||
| 035 | _a(BD-RjUL)17207 | ||
| 040 |
_aBDS _beng _cBDS _dBD-RjUL |
||
| 041 | _aeng | ||
| 082 | 0 | 0 |
_a823.914 _bBES 2001 |
| 100 | 1 |
_aBellow, Saul. _952271 |
|
| 245 | 1 | 0 |
_aSeize the day / _cSaul Bellow ; with an introduction by Cynthia Ozick. |
| 260 |
_aLondon : _bPenguin, _c1969 [Reprinted 2001]. |
||
| 300 |
_axxiv, 118 p. ; _c20 cm. |
||
| 500 | _aThis ed., with new introduction, originally published: 1996. | ||
| 650 |
_aMiddle-aged men _vFiction. _952901 |
||
| 700 | 1 |
_aOzick, Cynthia. _952902 |
|
| 830 | 0 |
_aPenguin classics _952971 |
|
| 942 |
_2ddc _cBK |
||
| 999 |
_c17150 _d17150 |
||